000 00380pab a2200157 454500
008 180718b2006 xxu||||| |||| 00| 0 eng d
100 _aMitra, Debabrata
245 _aGlobalisation - its effect on employment
260 _c2006
300 _ap.63-65.
362 _aJan
650 _aEmployment
650 _aGlobalization
773 _aManagement Accountant
909 _a68594
999 _c68594
_d68594